[Event "MAS-ch Challengers"]
[Site "Pontian"]
[Date "2024.04.22"]
[Round "2"]
[White "Prem Kumar, Hanushreeya"]
[Black "Helmy, Muhammad Adnin Nuay"]
[Result "0-1"]
[WhiteElo "1541"]
[BlackElo "1717"]
[PlyCount "72"]
[EventDate "2024.04.21"]
[EventType "swiss"]
[EventRounds "9"]
[EventCountry "MAS"]
[SourceTitle "EXT 2025"]
[Source "ChessBase"]
[SourceDate "2024.10.14"]
[SourceVersion "1"]
[SourceVersionDate "2024.10.14"]
[SourceQuality "1"]

1. e4 c5 2. Nf3 e6 3. Nc3 a6 4. d4 cxd4 5. Nxd4 Nc6 6. Be3 Qc7 7. Qd2 Nf6 8. Bd3 Ne5 9. f4 Nc4 10. Bxc4 Qxc4 11. a3 d6 12. Qd3 Qc7 13. Nf3 Be7 14. 0-0-0 0-0 15. h3 Nd7 16. Qe2 Bf6 17. Bd2 b5 18. Rhe1 Bb7 19. g4 Nb6 20. g5 Be7 21. h4 d5 22. exd5 Nxd5 23. Nxd5 Bxd5 24. Qe5 Bd6 25. Qe2 Bxf4 26. Rg1 Bxf3 27. Qxf3 Rac8 28. c3 Bxd2+ 29. Rxd2 Rcd8 30. Rf2 Qc4 31. h5 Rd3 32. Qe2 Rh3 33. Qd1 Qh4 34. Rgf1 Qxg5+ 35. Kb1 Qxh5 36. Qd7 Rh1 0-1